[Event "?"]
[Site "masterchessopen.com - Italy"]
[Round "0"]
[White "Romanishin Oleg M (UKR)"]
[Black "Tal Mikhail N (LAT)"]
[Result "0-1"]
[WhiteElo "2537"]
[BlackElo "2520"]

1.d4 Nf6 2.c4 e6 3.Nc3 c5 4.d5 exd5 5.cxd5 d6 6.Nf3 g6 7.g3 Bg7 8.Bg2 O-O
9.O-O a6 10.a4 Nbd7 11.Nd2 Re8 12.Nc4 Nb6 13.Ne3 Ng4 14.Qb3 Rb8 15.h3 Nxe3
16.Bxe3 Nd7 17.Ne4 Qe7 18.Bf4 Ne5 19.Qb6 Nc4 20.Qb3 b5 21.axb5 axb5 22.g4 Bxb2
23.Nxd6 Bxa1 24.Nxc4 Ra8 25.Nb6 Ra5 26.d6 Qa7 27.Bc6 Be6 28.Qc2 Rb8 29.Nd5
Bxd5 30.Bxd5 Ra4 31.e3 Bg7 32.Bc6 Qb6 33.Bd5 Rxf4 34.exf4 Qxd6 35.Qe4 Rd8
36.Bc6 b4 37.Ba4 Qd4 38.Qe7 Bf6 39.Qb7 Qxf4 40.Bb3 c4 41.Bc2 Be5 42.Qg2 b3
43.Bb1 c3 {#R} 0-1

[Event "Ch URS (1/4 final)"]
[Site "masterchessopen.com - Tbilisi (Georgia)"]
[Round "9"]
[White "Kikiani Tamaz (GEO)"]
[Black "Buslaev Aleksander (GEO)"]
[Result "1-0"]
[WhiteElo "2243"]
[BlackElo "2200"]

1.d4 Nf6 2.c4 e6 3.Nf3 c5 4.d5 exd5 5.cxd5 d6 6.Nc3 g6 7.g3 Bg7 8.Bg2 O-O
9.O-O a6 10.a4 Nbd7 11.Nd2 Re8 12.a5 b5 13.axb6 Nxb6 14.Nb3 Bd7 15.Na5 Qc7
16.e4 Bb5 17.Re1 Nfd7 18.Bd2 Ne5 19.Nxb5 axb5 20.Qc2 Na4 21.b3 Rxa5 22.Bxa5
Qxa5 23.bxa4 b4 24.f4 Nd7 25.e5 dxe5 26.Rab1 Nb6 27.d6 c4 28.Qe4 Qc5+ 29.Kh1
Re6 30.a5 Qxa5 31.d7 Nxd7 32.Qxc4 Bf8 33.Qc8 Nb6 34.Qb7 exf4 35.Rxe6 fxe6
36.Qc6 fxg3 37.Qxe6+ Kg7 38.Rf1 Qc5 39.Qf7+ Kh6 40.Qxf8+ Qxf8 41.Rxf8 b3
42.Rb8 {#r} 1-0

[Event "Ch Latvia"]
[Site "masterchessopen.com - Riga (Latvia)"]
[Round "0"]
[White "Korelov Alexander P (RUS)"]
[Black "Zhuravliov Valerij (LAT)"]
[Result "1-0"]
[WhiteElo "2375"]
[BlackElo "2391"]

1.d4 Nf6 2.c4 c5 3.d5 e6 4.Nc3 exd5 5.cxd5 d6 6.Nf3 g6 7.g3 Bg7 8.Bg2 O-O
9.O-O Re8 10.Nd2 Nbd7 11.a4 a6 12.h3 Qc7 13.Nc4 Nb6 14.Na3 Bd7 15.e4 Nc8 16.f4
Nb6 17.Re1 Nxa4 18.Nxa4 b5 19.e5 dxe5 20.d6 Qa7 21.fxe5 Nh5 22.Bxa8 Rxa8 23.g4
bxa4 24.gxh5 c4+ 25.Be3 Qb7 26.Bd4 Bxh3 27.Qe2 Rc8 28.hxg6 hxg6 29.Rac1 Bh6
30.Rc3 {#r} 1-0

[Event "Ch Hungary"]
[Site "masterchessopen.com - Budapest (Hungary)"]
[Round "0"]
[White "Gasztonyi Endre (HUN)"]
[Black "Forintos Gyozo V (HUN)"]
[Result "0-1"]
[WhiteElo "2295"]
[BlackElo "2317"]

1.d4 Nf6 2.c4 e6 3.Nf3 c5 4.d5 exd5 5.cxd5 d6 6.Nc3 g6 7.g3 Bg7 8.Bg2 O-O
9.O-O a6 10.a4 Re8 11.Nd2 Nbd7 12.e4 Rb8 13.Nc4 Nb6 14.Ne3 Na8 15.Nc4 Nb6
16.Ne3 Na8 17.f3 Nc7 18.Nc4 b5 19.axb5 axb5 20.Na5 Bd7 21.Bf4 b4 22.Nb1 Bb5
23.Qc1 Nh5 24.Bg5 Bd4+ 25.Be3 Bxe3+ 26.Qxe3 Nxd5 27.Qd2 Bxf1 28.Nc6 Qc8
29.Nxb8 Bxg2 30.Kxg2 Ndf4+ 31.gxf4 Qxb8 32.Ra6 d5 33.e5 Qc8 34.Ra1 Qf5 35.Qf2
Nxf4+ 36.Kh1 Rxe5 {#R} 0-1

[Event "Ch DDR"]
[Site "masterchessopen.com - Magdeburg (Germany)"]
[Round "16"]
[White "Starck Bodo (GER)"]
[Black "Golz Werner (GER)"]
[Result "0-1"]
[WhiteElo "2248"]
[BlackElo "2410"]

1.d4 Nf6 2.c4 c5 3.d5 e6 4.Nc3 exd5 5.cxd5 d6 6.Nf3 g6 7.g3 Bg7 8.Bg2 O-O
9.O-O a6 10.a4 Re8 11.Nd2 Nbd7 12.h3 Rb8 13.Nc4 Nb6 14.Qb3 Nxc4 15.Qxc4 Nd7
16.f4 f5 17.Kh2 Nf6 18.Re1 Qd7 19.a5 b5 20.axb6 Rxb6 21.Ra4 Ne4 22.Nxe4 fxe4
23.Qc2 e3 24.Re4 Bd4 25.Rf1 Qf7 26.g4 Rb7 27.Qd3 Rxe4 28.Bxe4 Qe8 29.Bg2 a5
30.f5 Qe5+ 31.Kh1 gxf5 32.gxf5 Rg7 33.f6 Rg6 34.f7+ Kf8 35.Rf3 Qg5 36.Rf2 Bxh3
37.Qe4 Bxg2+ 38.Rxg2 Qxg2+ 39.Qxg2 Rxg2 40.Kxg2 a4 {#R} 0-1

[Event "Olympiad"]
[Site "masterchessopen.com - Tel Aviv (Israel)"]
[Round "6"]
[White "Yepez Olavo (ECU)"]
[Black "Golz Werner (GER)"]
[Result "0-1"]
[WhiteElo "2305"]
[BlackElo "2410"]

1.d4 Nf6 2.c4 c5 3.d5 e6 4.Nc3 exd5 5.cxd5 d6 6.g3 g6 7.Bg2 Bg7 8.Nf3 O-O
9.O-O a6 10.a4 Nbd7 11.Nd2 Re8 12.h3 Rb8 13.Nc4 Nb6 14.Nxd6 Qxd6 15.Bf4 Re5
16.e4 Ne8 17.Qc2 Bd7 18.Kh1 f6 19.Rad1 Rc8 20.Ra1 Nc4 21.b3 Na5 22.Qb2 Qb6
23.Bxe5 fxe5 24.Rab1 Nd6 25.Qc2 Qb4 26.Na2 Qa3 27.f4 c4 28.b4 Nb3 29.b5 axb5
30.axb5 Nd4 31.Qf2 c3 32.fxe5 Bxe5 33.Nb4 c2 34.Nxc2 Nxc2 {#R} 0-1

[Event "Olympiad"]
[Site "masterchessopen.com - Habana (Cuba)"]
[Round "0"]
[White "Suarez L H"]
[Black "Minaya Juan (COL)"]
[Result "1-0"]
[WhiteElo "2220"]
[BlackElo "2207"]

1.d4 Nf6 2.c4 g6 3.Nc3 c5 4.d5 Bg7 5.g3 O-O 6.Bg2 d6 7.Nf3 e6 8.O-O exd5
9.cxd5 a6 10.a4 Re8 11.Nd2 Nbd7 12.Nc4 Ne5 13.Nxe5 Rxe5 14.e4 Re8 15.Qc2 b6
16.f4 Ra7 17.Bd2 Ng4 18.h3 Bd4+ 19.Kh1 Nf2+ 20.Kh2 f5 21.e5 Ne4 22.e6 Nxd2
23.Qxd2 Rg7 24.Qc2 Bb7 25.Ne2 Bf6 26.Rad1 h5 27.h4 a5 28.Ng1 Ba6 29.Rfe1 Rb7
30.b3 Kf8 31.Nf3 Qb8 32.Ng5 Ke7 33.Bh3 b5 34.Rb1 bxa4 35.bxa4 Rb4 36.Bxf5 gxf5
37.Qxf5 Qb7 38.Nh7 Bd4 39.Qg5+ {#r} 1-0

[Event "Ch Poland (team)"]
[Site "masterchessopen.com - Wroclaw (Poland)"]
[Round "5"]
[White "Drozd Ryszard (POL)"]
[Black "Adamski Jan (POL)"]
[Result "0-1"]
[WhiteElo "2249"]
[BlackElo "2297"]

1.d4 Nf6 2.c4 c5 3.d5 g6 4.Nc3 Bg7 5.g3 O-O 6.Bg2 d6 7.Nf3 e6 8.O-O exd5
9.cxd5 Re8 10.Nd2 a6 11.a4 Nbd7 12.Nc4 Ne5 13.Na3 Nh5 14.e4 f5 15.f4 Ng4
16.Bf3 Nhf6 17.exf5 Bxf5 18.Nc4 h5 19.Bd2 Bd3 20.Qb3 Bxf1 21.Rxf1 Rb8 22.a5
Nh6 23.Qc2 Nf5 24.b4 cxb4 25.Na4 Ng4 26.h3 Bd4+ 27.Kg2 Nge3+ 28.Bxe3 Rxe3
29.Kh2 Rc8 30.g4 hxg4 31.Bxg4 b3 32.Qc1 Qh4 33.Nab6 Rxh3+ {#R} 0-1

[Event "Ch Yugoslavia"]
[Site "masterchessopen.com - Cateske Toplice (Yugoslavia)"]
[Round "4"]
[White "Vukic Milan (BIH)"]
[Black "Gliksman Darko (CRO)"]
[Result "0-1"]
[WhiteElo "2411"]
[BlackElo "2125"]

1.d4 Nf6 2.c4 c5 3.d5 d6 4.Nc3 g6 5.Nf3 Bg7 6.g3 O-O 7.Bg2 e6 8.O-O exd5
9.cxd5 a6 10.a4 Re8 11.Nd2 Nbd7 12.h3 Rb8 13.Nc4 Nb6 14.Na3 Bd7 15.a5 Nc8
16.Nc4 Bb5 17.Qb3 Bxc4 18.Qxc4 Nd7 19.Kh2 Ne5 20.Qa4 b5 21.axb6 Rxb6 22.f4 Rb4
23.Qc2 Nc4 24.e4 Na5 25.Ra3 Qb6 26.Na4 Qb5 27.e5 Nb3 28.Be3 Nd4 29.Bxd4 Rxd4
30.Rf2 dxe5 31.fxe5 Bxe5 32.Nc3 Bxg3+ {#R} 0-1

[Event "It"]
[Site "masterchessopen.com - Belgrade (Yugoslavia)"]
[Round "2"]
[White "Ivkov Borislav (SRB)"]
[Black "Sahovic Dragutin (SCG)"]
[Result "1-0"]
[WhiteElo "2416"]
[BlackElo "2259"]

1.d4 Nf6 2.c4 c5 3.d5 g6 4.Nc3 Bg7 5.Nf3 O-O 6.g3 d6 7.Bg2 e6 8.O-O exd5
9.cxd5 Re8 10.Nd2 a6 11.a4 Nbd7 12.h3 Rb8 13.Nc4 Nb6 14.Na3 Na8 15.Re1 Qc7
16.e4 Nd7 17.Be3 Nf8 18.Qd2 Nb6 19.Bf4 f6 20.Rec1 Qe7 21.a5 Nbd7 22.Nc4 Ne5
23.Nxe5 fxe5 24.Bg5 Bf6 25.Bxf6 Qxf6 26.b4 cxb4 27.Na4 b3 28.Rab1 Bd7 29.Nb6
Bb5 30.Rxb3 Qd8 31.Rbc3 Nd7 {#r} 1-0

[Event "It"]
[Site "masterchessopen.com - Vilnius (Lithuania)"]
[Round "0"]
[White "Butnorius Algimantas (LTU)"]
[Black "Nicevski Risto (MKD)"]
[Result "0-1"]
[WhiteElo "2388"]
[BlackElo "2310"]

1.d4 Nf6 2.c4 e6 3.Nc3 c5 4.d5 exd5 5.cxd5 d6 6.g3 g6 7.Bg2 Bg7 8.Nf3 O-O
9.O-O a6 10.a4 Re8 11.Nd2 Nbd7 12.h3 Rb8 13.Nc4 Ne5 14.Na3 Nh5 15.Kh2 f5
16.Bd2 Bd7 17.Rb1 b5 18.axb5 axb5 19.b4 Qe7 20.Re1 f4 21.Ne4 Bf5 22.bxc5 Bxe4
23.Bxe4 b4 24.Rxb4 Rxb4 25.Bxb4 fxg3+ 26.fxg3 Ng4+ 27.hxg4 Qxe4 28.gxh5 Re5
29.e3 Rxh5+ 30.Qxh5 gxh5 31.Rb1 dxc5 32.Bxc5 Be5 33.Rb4 Qxd5 34.Rc4 h4 35.e4
hxg3+ 36.Kh3 Qd7+ 37.Kg2 Qd2+ 38.Kf3 Qd1+ 39.Kg2 Qe2+ 40.Kh3 g2 41.Kh4 h5 {#R}
0-1

[Event "Ch DDR"]
[Site "masterchessopen.com - Straussberg (Germany)"]
[Round "18"]
[White "Pfeil Hartmut (GER)"]
[Black "Postler Reinhard (GER)"]
[Result "0-1"]
[WhiteElo "2300"]
[BlackElo "2367"]

1.d4 Nf6 2.g3 g6 3.Bg2 Bg7 4.c4 c5 5.d5 e6 6.Nc3 exd5 7.cxd5 d6 8.Nf3 O-O
9.O-O a6 10.a4 Re8 11.Nd2 Nbd7 12.e4 Ne5 13.h3 Nh5 14.Kh2 Rb8 15.Qe2 f5 16.f4
Nf7 17.Qf3 Nf6 18.exf5 gxf5 19.Nc4 b6 20.Qd3 Nh6 21.Bd2 Qc7 22.Na3 Qf7 23.Bf3
Ne4 24.Rae1 Nxd2 25.Qxd2 Rxe1 26.Rxe1 Bd7 27.Be2 Bxc3 28.bxc3 b5 29.axb5 axb5
30.Rb1 Qe8 31.Rb2 Nf7 32.Qd3 Ra8 33.Nc2 c4 34.Qd2 Qe4 35.Ne3 Ra1 36.Ng2 Ra3
37.Qc2 Qxd5 {#R} 0-1

[Event "It"]
[Site "masterchessopen.com - Venice (Italy)"]
[Round "0"]
[White "Tatai Stefano (ITA)"]
[Black "Cosulich Roberto (ITA)"]
[Result "1-0"]
[WhiteElo "2440"]
[BlackElo "2380"]

1.d4 Nf6 2.g3 c5 3.d5 g6 4.Bg2 Bg7 5.c4 O-O 6.Nc3 d6 7.Nf3 e6 8.O-O exd5
9.cxd5 a6 10.a4 Re8 11.Nd2 Nbd7 12.h3 Qe7 13.Nc4 Ne5 14.Nb6 Rb8 15.a5 Qc7
16.Qb3 Ned7 17.Bd2 Nxb6 18.axb6 Qe7 19.e4 Nd7 20.Na4 Nf8 21.Rae1 Bd7 22.Nc3
Rbd8 23.f4 Bc8 24.Nd1 Rd7 25.Bc3 Qd8 26.Ne3 Rde7 27.Nc4 f6 28.e5 fxe5 29.fxe5
dxe5 30.d6 {#r} 1-0

[Event "It"]
[Site "masterchessopen.com - Polanica Zdroj (Poland)"]
[Round "4"]
[White "Cobo Arteaga Eldis (CUB)"]
[Black "Ermenkov Evgenij (PLE)"]
[Result "0-1"]
[WhiteElo "2420"]
[BlackElo "2410"]

1.d4 Nf6 2.c4 c5 3.d5 e6 4.Nc3 exd5 5.cxd5 d6 6.Nf3 g6 7.g3 Bg7 8.Bg2 O-O
9.O-O a6 10.a4 Nbd7 11.Nd2 Re8 12.Qc2 Rb8 13.a5 b5 14.axb6 Nxb6 15.e4 Re7
16.Ra2 Ne8 17.Nb3 Nc4 18.Nd2 Nxd2 19.Bxd2 Reb7 20.Rfa1 Nc7 21.Bf1 Bd4 22.Nd1
f5 23.Bc3 Qf6 24.Bd3 fxe4 25.Bxe4 Kg7 26.Kg2 Rb3 27.Ra3 Rxa3 28.Rxa3 Nb5
29.Rb3 Bd7 30.Qd3 Nxc3 31.Rxb8 Nxd1 32.Qxd1 Qxf2+ 33.Kh1 Bg4 34.Rb7+ Kh6
35.Qc1+ Be3 {#R} 0-1

[Event "Ch Argentina"]
[Site "masterchessopen.com - Caseros (Argentina)"]
[Round "12"]
[White "Castillo Castelan Miguel (MEX)"]
[Black "Martinez Carlos Alejandro (BRA)"]
[Result "0-1"]
[WhiteElo "2043"]
[BlackElo "2501"]

1.d4 Nf6 2.c4 c5 3.d5 e6 4.Nc3 exd5 5.cxd5 d6 6.Nf3 g6 7.g3 Bg7 8.Bg2 O-O
9.O-O Re8 10.Nd2 a6 11.a4 Nbd7 12.h3 Qc7 13.Nc4 Ne5 14.Na3 Rb8 15.f4 Ned7
16.e4 c4 17.Kh2 Qc5 18.Nc2 Qc7 19.Be3 Nc5 20.e5 Nfd7 21.a5 dxe5 22.d6 Qd8
23.f5 b5 24.axb6 Rxb6 25.fxg6 hxg6 26.Qd5 Rxb2 27.Qxf7+ Kh7 28.Ne4 Ne6 29.Rf2
Bb7 30.Raf1 Bd5 31.Ng5+ Nxg5 32.Qxd5 c3 33.h4 Ne6 34.h5 gxh5 35.Be4+ Kg8
36.Qd1 Rf8 37.Qxh5 Rxf2+ 38.Rxf2 Nf6 39.Qh3 Qxd6 40.Rxf6 Bxf6 41.Qh7+ Kf8
42.Bg6 Bg7 43.Bh6 Ke7 44.Bf5 Qd1 45.Bxg7 Qd2+ {#R} 0-1

[Event "Europe Tournament (corr.)"]
[Site "masterchessopen.com - corr."]
[Round "0"]
[White "Nevole Vladimir (CZE)"]
[Black "Korelov Alexander P (RUS)"]
[Result "0-1"]
[WhiteElo "2051"]
[BlackElo "2375"]

1.d4 Nf6 2.c4 e6 3.Nc3 c5 4.d5 exd5 5.cxd5 d6 6.Nf3 g6 7.g3 Bg7 8.Bg2 O-O
9.O-O Re8 10.Nd2 a6 11.a4 Nbd7 12.a5 b5 13.axb6 Nxb6 14.Nb3 Nc4 15.Qd3 Rb8
16.Qxc4 Rb4 17.Qd3 Rxb3 18.Qc2 Qb6 19.e4 Ng4 20.h3 Ne5 21.Ra2 Bd7 22.Re1 Rb8
23.Re3 Nc4 24.Re2 a5 25.Nd1 Qb4 26.Bd2 Nxd2 27.Qxd2 Bb5 28.Qxb4 cxb4 29.Rd2 a4
30.Bf1 a3 31.Bxb5 Rxb5 32.Kf1 Rc5 33.bxa3 bxa3 34.Ke2 Rc4 35.f3 Rcb4 36.g4 Be5
37.Rdc2 Rb2 38.Kd3 Rxa2 39.Rxa2 Rb3+ 40.Ke2 Kg7 {#R} 0-1

[Event "Ch Czechoslovakia (students)"]
[Site "masterchessopen.com - Hrazany (Czech Republic)"]
[Round "4"]
[White "Beil Zdenek (CZE)"]
[Black "Jablonicky Frantisek (SVK)"]
[Result "1-0"]
[WhiteElo "2256"]
[BlackElo "2187"]

1.d4 Nf6 2.c4 c5 3.d5 e6 4.Nc3 exd5 5.cxd5 d6 6.Nf3 g6 7.g3 Bg7 8.Bg2 O-O
9.O-O a6 10.a4 Nbd7 11.Nd2 Re8 12.h3 Nh5 13.e4 Qc7 14.Kh2 Rb8 15.a5 c4 16.Qa4
Re7 17.Qxc4 Ne5 18.Qe2 f5 19.f4 Nf7 20.Nc4 fxe4 21.Be3 Bd7 22.Bb6 Qc8 23.Rac1
Bxc3 24.Rxc3 Bb5 25.Qc2 Qe8 26.Bd4 Rc8 27.b3 e3 28.Re1 Bxc4 29.bxc4 e2 30.Bf3
Nh6 31.Rxe2 Nxg3 32.Re6 Nhf5 33.Bf2 Nf1+ 34.Kg2 Rxe6 35.dxe6 Rxc4 36.Kxf1 Rxc3
37.Qxc3 Qxe6 38.Bxb7 Qa2 39.Bxa6 Qb1+ 40.Be1 Qe4 41.Qc4+ {#r} 1-0

[Event "Memorial A.Sokolsky"]
[Site "masterchessopen.com - Minsk (Belarus)"]
[Round "0"]
[White "Veremeichik Vladimir (BLR)"]
[Black "Mochalov Evgeny V (BLR)"]
[Result "0-1"]
[WhiteElo "2383"]
[BlackElo "2379"]

1.d4 Nf6 2.c4 e6 3.g3 c5 4.d5 exd5 5.cxd5 d6 6.Nc3 g6 7.Bg2 Bg7 8.Nf3 O-O
9.O-O a6 10.a4 Nbd7 11.Nd2 Re8 12.h3 Rb8 13.Nc4 Ne5 14.Na3 Nh5 15.Kh2 f5 16.f4
Nf7 17.e3 Bd7 18.Qd3 Qc8 19.a5 b5 20.axb6 Rxb6 21.Rf2 Nf6 22.Rc2 h5 23.Bd2 Rb3
24.Qe2 Qb8 25.Ra2 Bb5 26.Nc4 Ne4 27.Nxe4 fxe4 28.Bc3 Nh6 29.Ra3 Rxa3 30.bxa3
Bxc3 31.Rxc3 Nf5 32.Qd2 Bxc4 33.Rxc4 Qb1 34.g4 hxg4 35.hxg4 Nh6 36.Kg3 Qd3
37.Qxd3 exd3 38.e4 Rb8 39.Rc3 d2 40.Bf3 Rb1 41.Rd3 Rb2 42.Rc3 g5 {#R} 0-1

[Event "?"]
[Site "masterchessopen.com - Torremolinos (Spain)"]
[Round "0"]
[White "Quinteros Miguel A (ARG)"]
[Black "Estevez Guillermo (CUB)"]
[Result "0-1"]
[WhiteElo "2495"]
[BlackElo "2335"]

1.d4 Nf6 2.c4 e6 3.g3 c5 4.d5 exd5 5.cxd5 g6 6.Nc3 Bg7 7.Nf3 O-O 8.Bg2 d6
9.O-O Nbd7 10.Nd2 Re8 11.a4 a6 12.e4 Rb8 13.Nc4 Nb6 14.Na3 Na8 15.Re1 Nc7
16.Bf1 b5 17.axb5 axb5 18.Naxb5 Nxb5 19.Bxb5 Bd7 20.Bxd7 Qxd7 21.Kg2 Ng4
22.Ra4 Ne5 23.Re2 Rb4 24.Rxb4 cxb4 25.Nb1 Qb5 26.Bf4 Nd3 27.Bxd6 Nxb2 28.Qc2
Nc4 29.Bf4 Na3 30.Nxa3 bxa3 31.Bc1 Ra8 32.Qa2 Qxe2 {#R} 0-1

[Event "?"]
[Site "masterchessopen.com - URS"]
[Round "0"]
[White "Kivlan Ivars (LAT)"]
[Black "Petkevich Jusefs (LAT)"]
[Result "0-1"]
[WhiteElo "2385"]
[BlackElo "2380"]

1.d4 Nf6 2.c4 c5 3.d5 d6 4.Nc3 g6 5.g3 Bg7 6.Bg2 O-O 7.Nf3 e6 8.O-O exd5
9.cxd5 a6 10.a4 Nbd7 11.Nd2 Re8 12.h3 Rb8 13.Nc4 Ne5 14.Na3 Nh5 15.e4 f5
16.exf5 Bxf5 17.g4 Bxg4 18.hxg4 Qh4 19.gxh5 Rf8 20.h6 Bh8 21.Ne4 Ng4 22.Qxg4
Qxg4 23.Nc4 b5 24.axb5 axb5 25.Ncxd6 Rb6 26.Be3 Be5 27.Ra7 Rxd6 28.Nxd6 Bxd6
29.Rg7+ Kh8 30.Ra1 Qh5 31.Rd7 Bh2+ 32.Kf1 Qf5 33.Raa7 Qb1+ 34.Ke2 Qxb2+ 35.Kd1
Qb3+ 36.Kd2 Qb2+ 37.Kd1 Qb1+ 38.Kd2 Qb2+ 39.Kd1 Qb3+ 40.Kd2 Be5 41.Bh3 Bc3+
42.Ke2 Qc2+ 43.Kf1 {#R} 0-1

[Event "Ch Argentina"]
[Site "masterchessopen.com - Buenos Aires (Argentina)"]
[Round "6"]
[White "Miana Elias (ARG)"]
[Black "Emma Jaime (ARG)"]
[Result "0-1"]
[WhiteElo "2222"]
[BlackElo "2405"]

1.d4 Nf6 2.c4 e6 3.Nf3 c5 4.d5 exd5 5.cxd5 d6 6.Nc3 g6 7.g3 Bg7 8.Bg2 O-O
9.O-O Re8 10.Nd2 a6 11.a4 Nbd7 12.Ra3 Rb8 13.Rb3 Qc7 14.h3 b6 15.Kh2 Ne5
16.Qc2 c4 17.Nd1 b5 18.axb5 axb5 19.f4 Neg4+ 20.hxg4 Nxg4+ 21.Kh1 Rxe2 22.f5
Bxf5 23.Rxf5 gxf5 24.Rf3 Qd7 25.Rxf5 Rbe8 26.Rf1 R8e5 {#R} 0-1

[Event "It"]
[Site "masterchessopen.com - Stary Smokovec (Slovakia)"]
[Round "2"]
[White "Ftacnik Lubomir (SVK)"]
[Black "Privara Igor (SVK)"]
[Result "1-0"]
[WhiteElo "2570"]
[BlackElo "2264"]

1.d4 Nf6 2.c4 e6 3.g3 c5 4.d5 exd5 5.cxd5 d6 6.Nc3 g6 7.Bg2 Bg7 8.Nf3 O-O
9.O-O a6 10.a4 Re8 11.Nd2 Nbd7 12.h3 Nh5 13.e4 Ne5 14.f4 Nxg3 15.fxe5 Nxf1
16.Qxf1 Bxe5 17.Nc4 Bd4+ 18.Kh2 f6 19.Bf4 Be5 20.Qf2 Rb8 21.Bxe5 fxe5 22.Rf1
Rf8 23.Qxf8+ Qxf8 24.Rxf8+ Kxf8 25.Nxd6 Ke7 26.Nc4 Kf6 27.Nb6 Ke7 28.Nd1 Bd7
29.Ne3 Be8 30.Ng4 Kd6 31.Nc4+ Kc7 32.d6+ Kd8 33.Nb6 Bxa4 34.Nxe5 Bc6 35.Nec4
Ke8 36.e5 Bxg2 37.Kxg2 Kf7 38.d7 Ke7 39.Nd6 {#r} 1-0

[Event "Zt"]
[Site "masterchessopen.com - Vratsa (Bulgaria)"]
[Round "0"]
[White "Czerniak Moshe (ISR)"]
[Black "Sigurjonsson Gudmundur (ISL)"]
[Result "1-0"]
[WhiteElo "2385"]
[BlackElo "2475"]

1.d4 Nf6 2.g3 c5 3.d5 e6 4.c4 exd5 5.cxd5 d6 6.Bg2 g6 7.Nc3 Bg7 8.Nf3 O-O
9.O-O a6 10.a4 Nbd7 11.Nd2 Re8 12.h3 Rb8 13.a5 b5 14.axb6 Nxb6 15.e4 Nfd7
16.f4 f5 17.Re1 c4 18.exf5 gxf5 19.Bf1 Rxe1 20.Qxe1 Qc7 21.Nf3 Nf6 22.Ng5 h6
23.Ne6 Qe7 24.Bd2 Bxe6 25.Qxe6+ Qxe6 26.dxe6 d5 27.Rxa6 Ne4 28.Be1 Bd4+ 29.Kg2
Kg7 30.g4 Kf6 31.gxf5 Kxf5 32.e7 Re8 33.Bh4 Nd2 34.Be2 Kxf4 35.Rxb6 Rg8+
36.Bg4 Bxb6 37.Nxd5+ Ke5 38.Nxb6 h5 39.Bg3+ Kf6 40.Nd5+ Kg5 41.Bxh5 Kxh5
42.Nf6+ Kg6 43.Nxg8 Kf7 44.Bh4 {#r} 1-0

[Event "Ch BRD"]
[Site "masterchessopen.com - Bad Pyrmont (Germany)"]
[Round "7"]
[White "Reefschlaeger Helmut Dr (GER)"]
[Black "Lindoerfer Klaus (GER)"]
[Result "1-0"]
[WhiteElo "2248"]
[BlackElo "2204"]

1.d4 Nf6 2.c4 c5 3.d5 e6 4.Nc3 exd5 5.cxd5 d6 6.g3 g6 7.Bg2 Bg7 8.Nf3 O-O
9.O-O Re8 10.Nd2 a6 11.a4 Nbd7 12.h3 Rb8 13.Nc4 Nb6 14.Na3 Bd7 15.a5 Nc8
16.Nc4 Bb5 17.Qb3 Qd7 18.Re1 b6 19.axb6 Nxb6 20.Na5 Na8 21.Qc2 Nc7 22.Bd2 Qc8
23.Bf4 Rb6 24.Rac1 Bd7 25.Nc4 Qb8 26.Nxb6 Qxb6 27.Na4 Qb4 28.Nxc5 {#r} 1-0

[Event "Olympiad (students) (team)"]
[Site "masterchessopen.com - Caracas (Venezuela)"]
[Round "7"]
[White "Huss Andreas (SUI)"]
[Black "Diaz Kerube Alberto (CUB)"]
[Result "1-0"]
[WhiteElo "2308"]
[BlackElo "2179"]

1.d4 Nf6 2.Nf3 c5 3.d5 e6 4.c4 exd5 5.cxd5 d6 6.Nc3 g6 7.Nd2 Nbd7 8.g3 Bg7
9.Bg2 O-O 10.O-O Re8 11.a4 a6 12.Nc4 Nb6 13.Na3 Rb8 14.a5 Na8 15.Nc4 b5
16.axb6 Nxb6 17.Na5 Bd7 18.Nc6 Bxc6 19.dxc6 Nc4 20.Qa4 Rb4 21.Qxa6 Nxb2 22.Rb1
Nc4 23.Rxb4 cxb4 24.Qxc4 bxc3 25.Qxc3 Qc7 26.Qc2 Rb8 27.Rd1 Ne8 28.Bf4 Bf8
29.Bd5 Rb5 30.e4 Rc5 {#r} 1-0

[Event "It"]
[Site "masterchessopen.com - Biel (Switzerland)"]
[Round "9"]
[White "Huss Andreas (SUI)"]
[Black "Robatsch Karl (AUT)"]
[Result "0-1"]
[WhiteElo "2308"]
[BlackElo "2435"]

1.d4 Nf6 2.Nf3 c5 3.d5 e6 4.c4 exd5 5.cxd5 d6 6.Nc3 g6 7.Nd2 Nbd7 8.g3 a6 9.a4
Bg7 10.Bg2 O-O 11.O-O Re8 12.Nc4 Nb6 13.Na3 Bd7 14.h3 Nc8 15.Nc4 Qc7 16.e4 Nb6
17.Ne3 Rad8 18.a5 Nc8 19.Qb3 Na7 20.Nc4 Nb5 21.Bf4 Nh5 22.Be3 Nd4 23.Qd1 f5
24.exf5 Nxf5 25.Bg5 Bf6 26.Qd2 Bb5 27.b3 Nd4 28.Ne4 Rxe4 29.Bxe4 Nxb3 30.Qd3
Nxa1 31.Bxf6 Nxf6 32.Rxa1 Qg7 33.Rc1 Qh6 34.f4 Qxh3 35.Bxg6 Ng4 36.Qe2 Qxg3+
{#R} 0-1

[Event "?"]
[Site "masterchessopen.com - Irkutsk (Russia)"]
[Round "0"]
[White "Piankov Evgenij (UKR)"]
[Black "Psakhis Lev (ISR)"]
[Result "0-1"]
[WhiteElo "2348"]
[BlackElo "2524"]

1.d4 Nf6 2.c4 c5 3.d5 e6 4.Nc3 exd5 5.cxd5 d6 6.g3 g6 7.Bg2 Bg7 8.Nf3 O-O
9.O-O a6 10.a4 Nbd7 11.Nd2 Re8 12.Nc4 Nb6 13.Na3 Bd7 14.a5 Nc8 15.Nc4 Bb5
16.Qb3 Bxc4 17.Qxc4 b5 18.axb6 Nxb6 19.Qh4 Nfd7 20.Bg5 Qb8 21.Ra2 c4 22.Be3
Qc7 23.Bd4 Bxd4 24.Qxd4 Nc5 25.Ne4 Nxe4 26.Bxe4 a5 27.Bf3 a4 28.Rc1 Ra5 29.b3
Rc8 30.bxc4 Nxc4 31.Bg4 f5 32.Bh3 Qc5 33.Qd3 Qb4 34.e4 Rac5 35.Qb1 Ne3 {#R}
0-1

[Event "Tournament"]
[Site "masterchessopen.com - URS"]
[Round "0"]
[White "Akopov Roman (ARM)"]
[Black "Grigoryan Karen (TKM)"]
[Result "0-1"]
[WhiteElo "2256"]
[BlackElo "2465"]

1.d4 Nf6 2.c4 c5 3.d5 g6 4.Nc3 Bg7 5.Nf3 O-O 6.g3 d6 7.Bg2 e6 8.O-O exd5
9.cxd5 a6 10.a4 Nbd7 11.Nd2 Re8 12.h3 Rb8 13.Nc4 Ne5 14.Na3 Nh5 15.e4 f5
16.exf5 Bxf5 17.g4 Bxg4 18.hxg4 Qh4 19.gxh5 Rf8 20.h6 Bh8 21.Ne4 Ng4 22.Qxg4
Qxg4 23.Nc4 b5 24.axb5 axb5 25.Ncxd6 Be5 26.Ra7 Qh4 27.Rg7+ Kh8 28.f4 Bd4+
29.Rf2 Qxh6 30.Nf7+ Rxf7 31.Rxf7 Ra8 32.Kf1 Ra1 33.Rc2 Qh2 34.Nf2 Qg3 35.Kg1
Bxf2+ 36.Rxf2 Rxc1+ 37.Rf1 Rc2 {#R} 0-1

[Event "Ch BRD"]
[Site "masterchessopen.com - Bad Neuenahr (Germany)"]
[Round "0"]
[White "Reefschlaeger Helmut Dr (GER)"]
[Black "Lau Ralf (GER)"]
[Result "0-1"]
[WhiteElo "2248"]
[BlackElo "2437"]

1.d4 Nf6 2.g3 e6 3.c4 c5 4.d5 exd5 5.cxd5 d6 6.Nc3 g6 7.Bg2 Bg7 8.Nf3 O-O
9.O-O Re8 10.Nd2 a6 11.a4 Nbd7 12.h3 Rb8 13.Nc4 Nb6 14.Na3 Bd7 15.a5 Nc8
16.Nc4 Bb5 17.Qb3 Bxc4 18.Qxc4 Nd7 19.Ne4 Ne5 20.Qc2 b5 21.axb6 Rxb6 22.f4 Nd7
23.f5 Bd4+ 24.Kh1 Ne7 25.fxg6 hxg6 26.Ra3 Nxd5 27.Ng5 N5f6 28.Bd5 Nxd5 29.Nxf7
Qe7 30.Qxg6+ Bg7 31.Ng5 N5f6 32.e4 Ne5 33.Qf5 Qb7 34.Re3 Qd7 35.Qf2 Rb4 36.g4
Rf8 37.Qh4 Ng6 38.Qg3 Bh6 39.Rd3 Bxg5 40.Rxd6 Nxe4 41.Rxf8+ Nxf8 {#R} 0-1

[Event "Olympiad (w) (final D)"]
[Site "masterchessopen.com - Buenos Aires (Argentina)"]
[Round "4"]
[White "Santoy Claude"]
[Black "Zubieta Sonia"]
[Result "1-0"]
[WhiteElo "1800"]
[BlackElo "1800"]

1.d4 Nf6 2.Nf3 e6 3.c4 c5 4.d5 exd5 5.cxd5 d6 6.Nc3 g6 7.g3 Bg7 8.Bg2 O-O
9.O-O Re8 10.Nd2 a6 11.a4 Nbd7 12.Nc4 Nb6 13.Nxb6 Qxb6 14.e4 Ng4 15.h3 Ne5
16.a5 Qa7 17.Re1 b5 18.Bf4 b4 19.Na4 Qc7 20.Nb6 Rb8 21.Bf1 Nd7 22.Nxc8 Rbxc8
23.Qd2 Ra8 24.Kg2 Nf6 25.Bd3 c4 26.Rac1 c3 27.bxc3 bxc3 28.Rxc3 Qxa5 29.Rc6
Qa4 30.f3 a5 31.Bxd6 Nd7 32.f4 Qd4 33.Rc4 Qb6 34.e5 f6 35.Rb1 Qd8 36.Bc7 Qe7
37.e6 Nf8 38.Rc6 Rac8 39.d6 {#r} 1-0